Mechanical sciences : (Record no. 29801)
[ view plain ]
| 000 -LEADER | |
|---|---|
| fixed length control field | 00541 a2200169 4500 |
| 003 - CONTROL NUMBER IDENTIFIER | |
| control field | NUST |
| 005 - DATE AND TIME OF LATEST TRANSACTION | |
| control field | 20180118123426.0 |
| 008 - FIXED-LENGTH DATA ELEMENTS--GENERAL INFORMATION | |
| fixed length control field | 180118b xxu||||| |||| 00| 0 eng d |
| 020 ## - INTERNATIONAL STANDARD BOOK NUMBER | |
| International Standard Book Number | 8120327276 |
| 020 ## - INTERNATIONAL STANDARD BOOK NUMBER | |
| International Standard Book Number | 9788120327276 |
| 082 ## - DEWEY DECIMAL CLASSIFICATION NUMBER | |
| Classification number | 620.1 |
| 100 1# - MAIN ENTRY--PERSONAL NAME | |
| Personal name | Paul, Akshoy Ranjan. |
| 9 (RLIN) | 8734 |
| 245 10 - TITLE STATEMENT | |
| Title | Mechanical sciences : |
| Remainder of title | engineering thermodynamics and fluid mechanics / |
| Statement of responsibility, etc. | Akshoy Ranjan Paul, Sanchayan Mukherjee, Pijush Roy. |
| 260 ## - PUBLICATION, DISTRIBUTION, ETC. | |
| Place of publication, distribution, etc. | [S.l.] : |
| Name of publisher, distributor, etc. | Prentice-Hall of India Pvt.Ltd, |
| Date of publication, distribution, etc. | 2005. |
| 300 ## - PHYSICAL DESCRIPTION | |
| Extent | 604 p. ; |
| Dimensions | 24 cm. |
| 700 1# - ADDED ENTRY--PERSONAL NAME | |
| Personal name | Mukherjee, Sanchayan. |
| 9 (RLIN) | 8735 |
| 700 1# - ADDED ENTRY--PERSONAL NAME | |
| Personal name | Roy, Pijush. |
| 9 (RLIN) | 8736 |
| 942 ## - ADDED ENTRY ELEMENTS (KOHA) | |
| Institution code [OBSOLETE] | SNS |
| Koha item type | Book |
| Call number prefix | 620.1 PAU |
| Source of classification or shelving scheme | |
| Withdrawn status | Lost status | Damaged status | Not for loan | Permanent Location | Current Location | Date acquired | Total Checkouts | Full call number | Barcode | Date last seen | Price effective from | Koha item type |
|---|---|---|---|---|---|---|---|---|---|---|---|---|
| School of Natural Sciences (SNS) | School of Natural Sciences (SNS) | 05/26/2016 | 620.1 PAU | SNS0001448 | 05/26/2016 | 05/26/2016 | Book |
